Score 0/28 Timer 12:00
0 Plays Today
Minutes per person per day activity % Correct
491Sleep
96%
157TV & videos, DVDs, radio, music
91.4%
82Eating & Drinking
90.2%
34Paid work
89.1%
44Personal care
87.4%
10Sport & outdoor activities
85.6%
87Travel
85.6%
11Using a computer
78.2%
3Hobbies
71.3%
50Spending time with family and friends at home
68.4%
31Cleaning and tidying
64.4%
4Shopping, appointments
63.8%
24Reading
62.1%
41Cooking and washing up
61.5%
Minutes per person per day activity % Correct
8Contact with friends and family
47.7%
5Entertainment and culture
46%
24Going out with family or friends
45.4%
17Repairs and gardening
43.1%
11Washing clothes
36.2%
24Formal education
34.5%
46Rest
27%
7Pet care
24.7%
2Caring for own children
21.8%
170Caring for other children
20.1%
9Recreational study
19.5%
1Voluntary work
8.6%
19Attending religious and other meetings
6.9%
14Caring for adults
5.7%

You're not logged in!

Compare scores with friends on all Sporcle quizzes.
OR
Log In

Sporcle TV

Today on Sporcle TV


Watch our educational content, quiz creation guides, and fun videos on Sporcle TV.

Show Comments

Extras

Top Quizzes Today


Score Distribution

Paid Content

Your Account Isn't Verified!

In order to create a playlist on Sporcle, you need to verify the email address you used during registration. Go to your Sporcle Settings to finish the process.

Report this User

Report this user for behavior that violates our Community Guidelines.

Details: